Criminal minds characters Quiz Stats

 Plays Quiz not verified by Sporcle

Score 0/9 Timer 08:00
0 Plays Today
hint for you agents for the FBI % Correct
smart kid???
98.1%
agent???
97.6%
technical analyst ???
97.6%
leader???
95.2%
former backup leader???
94.2%
backup leader???
93.2%
agent???
92.3%
agent???
90.3%
one who quit the show???
71%

You're not logged in!

Compare scores with friends on all Sporcle quizzes.
OR
Log In

Show Comments

Extras

Created Feb 18, 2012ReportNominate
Tags:character, criminal, mind

Top Quizzes Today


Score Distribution

Your Account Isn't Verified!

In order to create a playlist on Sporcle, you need to verify the email address you used during registration. Go to your Sporcle Settings to finish the process.

Report this User

Report this user for behavior that violates our Community Guidelines.

Details: